Top 5 Premiership Scorers per Club Quiz Stats

 Plays Quiz not verified by Sporcle

Score 0/100 Timer 20:00
0 Plays Today
Team Player % Correct
ArsenalThierry Henry
96.9%
Blackburn RoversAlan Shearer
90.4%
Newcastle UnitedAlan Shearer
90.4%
ArsenalIan Wright
86.9%
ArsenalDennis Bergkamp
86.3%
ChelseaFrank Lampard
86.1%
LiverpoolMichael Owen
85.3%
ChelseaDidier Drogba
84.8%
Newcastle UnitedAndy Cole
84.6%
West Ham UnitedCarlton Cole
84.4%
Manchester UnitedAndrew Cole
84.2%
LiverpoolRobbie Fowler
83.5%
Manchester UnitedRyan Giggs
82.4%
LiverpoolSteven Gerrard
82.3%
Aston VillaDwight Yorke
80.5%
Manchester UnitedPaul Scholes
79.5%
Tottenham HotspurJermain Defoe
75%
Tottenham HotspurTeddy Sheringham
73.5%
LiverpoolFernando Torres
70.3%
Bolton WanderersKevin Davies
70.1%
Manchester CityNicolas Anelka
70.1%
Bolton WanderersNicolas Anelka
70.1%
SunderlandKevin Phillips
69.3%
BlackpoolMatt Phillips
68.9%
ArsenalRobert Pires
68.8%
Tottenham HotspurRobbie Keane
68.7%
SunderlandDarren Bent
68.5%
BlackpoolCharlie Adam
66.5%
Blackburn RoversChris Sutton
65.9%
ChelseaGianfranco Zola
65.5%
Birmingham CityEmile Heskey
64.4%
Wigan AthleticEmile Heskey
64.4%
EvertonDuncan Ferguson
61.2%
EvertonKevin Campbell
59.3%
Team Player % Correct
FulhamLouis Saha
57.7%
Manchester CityCarlos Tevez
57.4%
Aston VillaGabriel Agbonlahor
56.2%
Newcastle UnitedLes Ferdinand
56.1%
ChelseaJimmy Floyd Hasselbaink
53.5%
Manchester UnitedOle Gunnar Solskjær
52.8%
Manchester CityNiall Quinn
52.4%
SunderlandNiall Quinn
52.4%
EvertonTim Cahill
52.3%
SunderlandKenwyne Jones
51.3%
Wolverhampton WanderersKevin Doyle
50.3%
Bolton WanderersKevin Nolan
49.5%
Aston VillaDion Dublin
47.9%
FulhamClint Dempsey
47.9%
LiverpoolIan Rush
46.6%
Stoke CityRicardo Fuller
42.2%
Aston VillaJuan Pablo Angel
38.4%
Birmingham CityCameron Jerome
36%
Birmingham CityMikael Forssell
35.4%
Wigan AthleticHugo Rodallega
34.4%
ChelseaEidur Gudjohnsen
34.2%
FulhamBrian McBride
34.1%
Manchester UnitedRuud van Nistelrooy
32.7%
West Bromwich AlbionChris Brunt
32.7%
Aston VillaGareth Barry
32.6%
Stoke CityJames Beattie
31.2%
Newcastle UnitedPeter Beardsley
29.5%
Blackburn RoversDavid Dunn
28.8%
Stoke CityRory Delap
28.7%
Blackburn RoversBenni McCarthy
28.5%
Bolton WanderersHenrik Pedersen
28.2%
FulhamSteed Malbranque
27.7%
BlackpoolMarlon Harewood
24.6%
Wigan AthleticHenri Camara
23.7%
Team Player % Correct
Wolverhampton WanderersHenri Camara
23.7%
West Ham UnitedFrederic Kanoute
23.2%
Tottenham HotspurChris Armstrong
23.1%
Blackburn RoversKevin Gallacher
22.8%
ArsenalRobin van Persie
21.1%
Manchester CityShaun Wright-Phillips
20.7%
West Ham UnitedJohn Hartson
20.5%
Tottenham HotspurSteffen Iversen
20.5%
Wolverhampton WanderersStephen Hunt
20.2%
Birmingham CityClinton Morrison
19.9%
West Ham UnitedPaolo Di Canio
17.2%
Newcastle UnitedNolberto Solano
16.4%
West Ham UnitedTrevor Sinclair
16.4%
West Bromwich AlbionZoltan Gera
15.5%
SunderlandDjibril Cisse
15.4%
Manchester CityUwe Rosler
15.3%
BlackpoolLuke Varney
14.1%
Bolton WanderersEl-Hadji Diouf
14.1%
West Bromwich AlbionRob Earnshaw
13.8%
EvertonDavid Unsworth
12.2%
EvertonPaul Rideout
11.5%
Wigan AthleticAmr Zaki
11.4%
West Bromwich AlbionGeoff Horsfield
9.8%
Wigan AthleticPaul Scharner
9.3%
BlackpoolAlex Baptiste
7.8%
Wolverhampton WanderersJody Craddock
7.5%
Birmingham CityRobbie Savage
7.4%
FulhamLuis Boa Morte
5.3%
Stoke CitySalif Diao
2.5%
Stoke CityDanny Higginbotham
2.3%
Wolverhampton WanderersConnor Hobbs
2.3%
West Bromwich AlbionNeil Clement
1.5%

You're not logged in!

Compare scores with friends on all Sporcle quizzes.
OR
Log In

Show Comments

Extras

Top Quizzes Today


Score Distribution

Your Account Isn't Verified!

In order to create a playlist on Sporcle, you need to verify the email address you used during registration. Go to your Sporcle Settings to finish the process.

Report this User

Report this user for behavior that violates our Community Guidelines.

Details: